World Bank highway rehabilitation project: Vienam road safety study: Final report

Zapisane w:
Opis bibliograficzny
Format: Książka
Język:Undetermined
Wydane: Washington DC The World Bank 2000
Hasła przedmiotowe:
Etykiety: Dodaj etykietę
Nie ma etykietki, Dołącz pierwszą etykiete!
Thư viện lưu trữ: Trung tâm Học liệu Trường Đại học Cần Thơ
LEADER 00514nam a2200181Ia 4500
001 CTU_62659
008 210402s9999 xx 000 0 und d
082 |a 363.12 
082 |b W927h 
245 0 |a World Bank highway rehabilitation project: 
245 0 |b Vienam road safety study: Final report 
245 0 |c Ross Silcock Limited 
260 |a Washington DC 
260 |b The World Bank 
260 |c 2000 
650 |a Traffic safety 
904 |i Minh 
980 |a Trung tâm Học liệu Trường Đại học Cần Thơ